| 000 | 00691cam a22002533a 4500 | ||
|---|---|---|---|
| 001 | 23451 | ||
| 003 | PGUSA | ||
| 005 | 20140828083512.0 | ||
| 008 | 071112s2007||||xxu|||||s|||||000 1 eng d | ||
| 040 |
_aPGUSA _beng |
||
| 042 | _adc | ||
| 050 | 4 | _aPZ | |
| 100 | 1 | _aBell, M. C. | |
| 245 | 1 | 0 |
_aLittle Yellow Wang-lo _h[electronic resource] / _cM. C. Bell |
| 260 |
_bProject Gutenberg, _c2007 |
||
| 506 | _aPublic domain in the USA. | ||
| 516 | _aElectronic text | ||
| 653 | _aChildren's stories | ||
| 653 | _aChina -- Juvenile fiction | ||
| 653 | _aSwine -- Juvenile fiction | ||
| 830 | 0 |
_aProject Gutenberg _v23451 |
|
| 856 | 4 | 0 | _uhttp://www.gutenberg.org/ebooks/23451 |
| 942 | _cEB | ||
| 999 |
_c252706 _d252706 |
||